000 00425nam a22001697a 4500
005 20180305123659.0
008 160430b xxu||||| |||| 00| 0 eng d
020 _a81-7188329-X
041 _aeng
082 _b1058
_a332.1
100 _aAcademic Foundation Bulletin
_9335
245 _aMoney Banking & Finance
260 _aNew Delhi
_bAcademic Faundation
_c2003
300 _a351
650 _aManagement
_9241
942 _cBK
999 _c388
_d388